[Event "Titled Tue 10th Jun Early"]
[Site "chess.com INT"]
[Date "2025.06.10"]
[Round "11"]
[White "Tikhonov, Viacheslav"]
[Black "Rabin, Evan"]
[Result "0-1"]
[WhiteTitle "CM"]
[WhiteElo "2183"]
[BlackElo "1945"]
[WhiteFideId "44196407"]
[BlackFideId "2028670"]
[EventDate "2025.06.10"]

1. e4 Nf6 2. Nc3 d5 3. exd5 Nxd5 4. Nxd5 Qxd5 5. Qf3 c6 6. Qxd5 cxd5 7. d4 Nc6
8. c3 Bf5 9. Bf4 e6 10. Kd2 Kd7 11. Bd3 Bxd3 12. Kxd3 Bd6 13. Ne2 Rab8 14. a4
Rhc8 15. b4 Ne7 16. a5 Rc7 17. Bxd6 Kxd6 18. Kd2 Rbc8 19. Rac1 Nf5 20. Nf4 Kd7
21. Nd3 b6 22. axb6 axb6 23. g3 Nd6 24. f3 Nb5 25. c4 Nxd4 26. Ke3 Nf5+ 27. Kd2
dxc4 28. Ne5+ Ke7 29. f4 Nd4 30. Rc3 f6 31. Ng4 b5 32. Ke3 Nf5+ 33. Ke4 Rd8 34.
Ra1 Rd4+ 35. Kf3 Rcd7 36. Ra5 Rd3+ 37. Rxd3 cxd3 38. Nf2 Nd4+ 39. Ke3 Nc2+ 40.
Kd2 Nxb4 41. Rxb5 Nc6 42. Nxd3 e5 43. Ke3 exf4+ 44. Nxf4 Kf7 45. Rb6 Ne7 46. Kf3
Nd5 47. Nxd5 Rxd5 48. Rb7+ Kg6 49. Rb2 h5 50. h4 Kf5 51. Rb3 g5 52. hxg5 fxg5
53. Ra3 g4+ 54. Ke3 Kg5 55. Ra2 Rf5 56. Ke2 h4 57. gxh4+ Kxh4 0-1

[Event "Titled Tue 10th Jun Early"]
[Site "chess.com INT"]
[Date "2025.06.10"]
[Round "11"]
[White "Carlsson, Ludvig"]
[Black "Rosen, Eric"]
[Result "1-0"]
[WhiteTitle "IM"]
[BlackTitle "IM"]
[WhiteElo "2379"]
[BlackElo "2377"]
[WhiteFideId "1727010"]
[BlackFideId "2032562"]
[EventDate "2025.06.10"]

1. Nf3 d5 2. d4 Nf6 3. c4 e6 4. Nc3 Nbd7 5. Bg5 c6 6. e3 Qa5 7. Nd2 Bb4 8. Qc2
e5 9. Nb3 Qc7 10. cxd5 Nxd5 11. Be2 exd4 12. Nxd4 O-O 13. O-O Nxc3 14. bxc3 Bd6
15. Kh1 Nc5 16. Bh4 Re8 17. Rad1 Be5 18. Nf3 h6 19. Nxe5 Qxe5 20. Bg3 Qf6 21.
Rd6 Qe7 22. Bf3 Be6 23. Rfd1 Rad8 24. h3 Bd5 25. Bxd5 Rxd6 26. Bxd6 Qg5 27. Bxc5
cxd5 28. Bxa7 Re6 29. Bd4 Rg6 30. f3 h5 31. Qf2 h4 32. Rb1 Qf5 33. Rxb7 Rg3 34.
a4 Kh7 35. a5 Qg6 36. Rb6 Qd3 37. a6 Qd1+ 38. Kh2 Qa4 39. a7 g5 40. Rb8 1-0

[Event "Titled Tue 10th Jun Early"]
[Site "chess.com INT"]
[Date "2025.06.10"]
[Round "11"]
[White "Ugarte Soto, Cesar"]
[Black "Cordeiro, Marco Aurelio Zaror"]
[Result "0-1"]
[WhiteTitle "CM"]
[WhiteElo "2088"]
[BlackElo "2056"]
[WhiteFideId "3601331"]
[BlackFideId "2117991"]
[EventDate "2025.06.10"]

1. d4 c5 2. e3 e6 3. Nf3 Nf6 4. c3 b6 5. Bd3 Bb7 6. O-O Be7 7. Nbd2 d5 8. Qe2
Ne4 9. Bxe4 dxe4 10. Ne5 O-O 11. f4 f6 12. Ng4 Nd7 13. Qe1 Qc7 14. Qg3 Rae8 15.
Nf2 cxd4 16. cxd4 f5 17. b3 Qc2 18. Nc4 Ba6 19. Ba3 Bxc4 20. Bxe7 Bxf1 21. Bxf8
Rxf8 22. Kxf1 Nf6 23. Nd1 Nd5 24. Qf2 Rc8 25. Qxc2 Rxc2 26. a4 Rd2 27. a5 Rxd1+
28. Rxd1 Nxe3+ 29. Ke2 Nxd1 30. axb6 axb6 31. Kxd1 Kf8 32. Ke2 Ke7 33. g4 g6 34.
h4 Kd6 35. Ke3 Kd5 36. h5 fxg4 37. hxg6 hxg6 0-1

[Event "Titled Tue 10th Jun Early"]
[Site "chess.com INT"]
[Date "2025.06.10"]
[Round "11"]
[White "Klys, Kacper"]
[Black "Wu, Derek"]
[Result "0-1"]
[BlackTitle "FM"]
[WhiteElo "2218"]
[BlackElo "2232"]
[WhiteFideId "21005281"]
[BlackFideId "30914558"]
[EventDate "2025.06.10"]

1. d4 Nf6 2. c4 e6 3. Nc3 d5 4. Nf3 Nbd7 5. Qc2 c6 6. cxd5 exd5 7. Bg5 h6 8. Bh4
Bd6 9. e3 O-O 10. Bd3 Re8 11. Bg3 Nb6 12. O-O Be6 13. Ne5 Rc8 14. f4 c5 15. Qe2
Nc4 16. b3 Nxe3 17. Nb5 Nxf1 18. Rxf1 cxd4 19. Bh4 Be7 20. Nxd4 Qb6 21. Bf2 Bc5
22. Nef3 Bg4 23. Qd2 Bxf3 24. Nxf3 Bxf2+ 25. Qxf2 Qxf2+ 26. Kxf2 Ne4+ 27. Bxe4
dxe4 28. Ne5 Rc2+ 29. Ke3 f6 30. Nc4 Rxg2 31. f5 Rxh2 32. Rg1 Rh3+ 33. Kf4 Rf3+
34. Kg4 h5+ 35. Kxh5 Rxf5+ 36. Kg6 Rg5+ 37. Rxg5 fxg5 0-1

[Event "Titled Tue 10th Jun Early"]
[Site "chess.com INT"]
[Date "2025.06.10"]
[Round "11"]
[White "Berikkyzy Alanna"]
[Black "Bustelo, Tabare"]
[Result "1-0"]
[WhiteTitle "WFM"]
[BlackTitle "CM"]
[WhiteElo "2080"]
[BlackElo "2043"]
[WhiteFideId "13780719"]
[BlackFideId "3000362"]
[EventDate "2025.06.10"]

1. e4 c5 2. Nf3 Nc6 3. d4 cxd4 4. Nxd4 e5 5. Nb5 d6 6. c4 a6 7. N5a3 Nf6 8. Nc3
Be7 9. Be2 O-O 10. Be3 Be6 11. O-O Rb8 12. f3 h6 13. Rc1 Nd7 14. b3 Nc5 15. Nd5
Bxd5 16. cxd5 Na7 17. Bxc5 dxc5 18. Nc4 Bd6 19. Ne3 b5 20. Nf5 Qc7 21. Qc2 Kh7
22. f4 Rbc8 23. Qd3 g6 24. Nxd6 Qxd6 25. f5 g5 26. f6 Rg8 27. Qf3 Rg6 28. Qf5
Rg8 29. Bh5 Nc8 30. Bxg6+ fxg6 31. Qf2 Rf8 32. Qxc5 Rxf6 33. Qxd6 Rxf1+ 34. Kxf1
Nxd6 35. Rc6 Nxe4 36. d6 Kg7 37. Rc7+ Kf6 38. Rc6 Ke6 39. d7+ Kxd7 40. Rxg6 Nd2+
41. Ke2 Ne4 42. Rxh6 a5 43. Ra6 Nc3+ 44. Ke3 Nxa2 45. Rxa5 Nc3 46. Kd3 Nd5 47.
Rxb5 Nf4+ 48. Ke4 Nxg2 49. Rxe5 Nf4 50. Rxg5 Ne6 51. Re5 Kd6 52. Rxe6+ Kxe6 53.
h4 1-0

[Event "Titled Tue 10th Jun Early"]
[Site "chess.com INT"]
[Date "2025.06.10"]
[Round "11"]
[White "Petersson, Kjell"]
[Black "Toroptseva, Yevheniia"]
[Result "0-1"]
[WhiteTitle "CM"]
[BlackTitle "WFM"]
[WhiteElo "2068"]
[BlackElo "2104"]
[WhiteFideId "1705148"]
[BlackFideId "34109374"]
[EventDate "2025.06.10"]

1. d4 d5 2. Bf4 Nf6 3. e3 e6 4. Nf3 Bd6 5. Ne5 O-O 6. Bd3 c5 7. c3 b6 8. Nd2 Bb7
9. Qe2 Qc7 10. Ndf3 Nc6 11. h3 Ne7 12. O-O Ne4 13. Rac1 f6 14. Ng4 Bxf4 15. exf4
Qxf4 16. dxc5 bxc5 17. c4 h5 18. Ngh2 f5 19. cxd5 Nxd5 20. Bc4 Qc7 21. Nd2 Nf4
22. Qe1 Nxg2 23. Bxe6+ Kh8 24. Qe2 Nf4 25. Qc4 Nxh3+ 26. Kg2 Nxd2+ 27. Kxh3 Nxc4
28. Rxc4 Qe5 29. Bg8 Rxg8 30. Rh4 Qe2 31. Rg1 g5 32. Re1 g4+ 0-1

[Event "Titled Tue 10th Jun Early"]
[Site "chess.com INT"]
[Date "2025.06.10"]
[Round "11"]
[White "Lezcano, Gustavo"]
[Black "Tarnowska, Aleksandra"]
[Result "0-1"]
[BlackTitle "WCM"]
[WhiteElo "2007"]
[BlackElo "1882"]
[WhiteFideId "103306"]
[BlackFideId "1180967"]
[EventDate "2025.06.10"]

1. c4 e5 2. Nc3 Nf6 3. g3 Bb4 4. Nd5 Bc5 5. Bg2 c6 6. Nxf6+ Qxf6 7. e3 O-O 8.
Ne2 d6 9. O-O Bg4 10. f3 Bf5 11. d4 Bb6 12. Kh1 exd4 13. Nxd4 Bxd4 14. exd4 Nd7
15. Be3 Nb6 16. b3 Rfe8 17. Qd2 h6 18. Rae1 d5 19. c5 Nd7 20. g4 Bg6 21. Bf4 Nf8
22. Be5 Qd8 23. Bd6 b6 24. b4 bxc5 25. bxc5 a5 26. Rxe8 Qxe8 27. Re1 Qd7 28.
Bxf8 Kxf8 29. Rb1 Bxb1 0-1

[Event "Titled Tue 10th Jun Early"]
[Site "chess.com INT"]
[Date "2025.06.10"]
[Round "11"]
[White "Iniyan, Pa"]
[Black "Vlassov, Nikolai"]
[Result "1-0"]
[WhiteTitle "GM"]
[BlackTitle "IM"]
[WhiteElo "2573"]
[BlackElo "2291"]
[WhiteFideId "25002767"]
[BlackFideId "4103360"]
[EventDate "2025.06.10"]

1. c4 e5 2. g3 c6 3. Nf3 e4 4. Nd4 d5 5. Bg2 dxc4 6. Nc2 f5 7. g4 Nf6 8. gxf5
Bxf5 9. Ne3 Be6 10. Nc3 Qd4 11. Qc2 Nbd7 12. Nxe4 Nxe4 13. Bxe4 Nf6 14. Bf3
O-O-O 15. a4 Bb4 16. a5 Rd6 17. a6 b5 18. Nf5 Bxf5 19. Qxf5+ Kc7 20. O-O Re8 21.
d3 Re5 22. Qf4 cxd3 23. exd3 g5 24. Qg3 Rde6 25. Bxg5 Bd6 26. Rac1 Rc5 27. Qg2
Nd7 28. Be3 Qh4 29. Bxc5 Rg6 30. Bxd6+ Rxd6 31. Rxc6+ Rxc6 32. Bxc6 Ne5 33. Be4
Kb6 34. Qg3 1-0

[Event "Titled Tue 10th Jun Early"]
[Site "chess.com INT"]
[Date "2025.06.10"]
[Round "11"]
[White "Arkell, Keith C"]
[Black "Sek, Konstantin"]
[Result "1-0"]
[WhiteTitle "GM"]
[BlackTitle "IM"]
[WhiteElo "2343"]
[BlackElo "2368"]
[WhiteFideId "400270"]
[BlackFideId "24104302"]
[EventDate "2025.06.10"]

1. d4 Nf6 2. Nf3 e6 3. c4 c5 4. d5 exd5 5. cxd5 d6 6. Nc3 g6 7. Nd2 Bg7 8. Nc4
O-O 9. Bf4 Na6 10. Bxd6 Re8 11. Bg3 Nh5 12. e3 Nxg3 13. hxg3 Bf5 14. Be2 Nb4 15.
O-O Bxc3 16. bxc3 Nxd5 17. Rc1 Be6 18. a4 Qf6 19. Qc2 Rad8 20. Rfd1 b6 21. e4
Nc7 22. Nd6 Re7 23. f4 Red7 24. e5 Qe7 25. Bb5 Nxb5 26. axb5 f6 27. Qe4 fxe5 28.
fxe5 Qg5 29. Qf4 Qe7 30. Rf1 Rf8 31. Qxf8+ Qxf8 32. Rxf8+ Kxf8 33. Kf2 Ke7 34.
Ke3 Bd5 35. Rc2 Ke6 36. c4 Ba8 37. Kf4 h6 38. Re2 g5+ 39. Kg4 Rd8 40. Kh5 Rh8
41. g4 Ke7 42. Kg6 Ke6 43. Kg7 1-0

[Event "Titled Tue 10th Jun Early"]
[Site "chess.com INT"]
[Date "2025.06.10"]
[Round "11"]
[White "Maglioni, Leonardo"]
[Black "Gutman, Gennadi"]
[Result "1-0"]
[BlackTitle "GM"]
[WhiteElo "2069"]
[BlackElo "2445"]
[WhiteFideId "2896830"]
[BlackFideId "14102277"]
[EventDate "2025.06.10"]

1. d4 a6 2. e4 c6 3. Nd2 d5 4. Bd3 dxe4 5. Nxe4 Nf6 6. Nxf6+ exf6 7. c3 Bd6 8.
Ne2 O-O 9. O-O Bg4 10. Qc2 h6 11. Ng3 Re8 12. Be3 Nd7 13. Rae1 Nf8 14. Nf5 Bc7
15. f3 Bxf5 16. Bxf5 Qd6 17. g3 g6 18. Bd3 h5 19. Kg2 Ne6 20. Bxg6 fxg6 21.
Qxg6+ Ng7 22. Bh6 Re7 23. Rxe7 Qxe7 24. Re1 Qd7 25. Qxg7+ Qxg7 26. Bxg7 Kxg7 27.
Re7+ Kg6 28. Rxc7 Rb8 29. h4 Kf5 30. Kf2 Ke6 31. Rh7 b5 32. Rxh5 b4 33. c4 b3
34. a3 Rd8 35. Ke3 Rg8 36. g4 a5 37. Rxa5 Rd8 38. h5 c5 39. Rxc5 f5 40. Rxf5
Rxd4 41. Kxd4 1-0

[Event "Titled Tue 10th Jun Early"]
[Site "chess.com INT"]
[Date "2025.06.10"]
[Round "11"]
[White "Andrade, Ivan"]
[Black "Simonovic, Miroslav"]
[Result "1-0"]
[WhiteTitle "FM"]
[BlackTitle "CM"]
[WhiteElo "2144"]
[BlackElo "2092"]
[WhiteFideId "14800039"]
[BlackFideId "919152"]
[EventDate "2025.06.10"]

1. e4 c5 2. Nf3 Nc6 3. Bb5 g6 4. O-O Bg7 5. Re1 e5 6. c3 Nge7 7. d3 O-O 8. Be3
b6 9. d4 exd4 10. cxd4 cxd4 11. Nxd4 a6 12. Ba4 Bb7 13. Bb3 d5 14. Nxc6 Bxc6 15.
exd5 Bxd5 16. Bxd5 Qxd5 17. Nc3 Qxd1 18. Raxd1 b5 19. Bc5 Nf5 20. Bxf8 Rxf8 21.
h3 Nd4 22. Re7 Rd8 23. Kf1 b4 24. Ne2 Bf8 25. Re4 Nc6 26. Rxd8 Nxd8 27. Re8 Nc6
28. Rc8 Ne5 29. Nd4 Nd3 30. b3 Kg7 31. Nc6 Bc5 32. Ne5 Nxe5 33. Rxc5 Nd3 34. Rc6
a5 35. Ra6 Nc1 36. Rxa5 Kf6 37. Ra4 Ke5 38. Rxb4 Nxa2 39. Rb7 Ke6 40. b4 h5 41.
b5 Nc3 42. b6 Nd5 43. Ra7 Nxb6 44. Ra6 Kf5 45. Rxb6 f6 46. Ke2 h4 47. Rb5+ 1-0

[Event "Titled Tue 10th Jun Early"]
[Site "chess.com INT"]
[Date "2025.06.10"]
[Round "11"]
[White "Murawski, Jan"]
[Black "Osinovsky, Stepan"]
[Result "1-0"]
[WhiteTitle "CM"]
[BlackTitle "FM"]
[WhiteElo "2164"]
[BlackElo "2240"]
[WhiteFideId "21009287"]
[BlackFideId "4157354"]
[EventDate "2025.06.10"]

1. c4 Nf6 2. Nc3 g6 3. e4 d6 4. d4 Bg7 5. Be2 O-O 6. Bg5 h6 7. Be3 e5 8. d5 c6
9. g4 cxd5 10. cxd5 Nbd7 11. h4 Nc5 12. f3 h5 13. Bg5 Qb6 14. Qd2 hxg4 15. Bxf6
Bxf6 16. fxg4 Nb3 17. axb3 Bxh4+ 18. Kd1 Rd8 19. Rxh4 Qxg1+ 20. Kc2 Qf2 21. Qh6
Qf6 22. Rb1 Qg7 23. Qxg7+ Kxg7 24. Rbh1 Bd7 25. g5 Rh8 26. Rxh8 Rxh8 27. Rxh8
Kxh8 28. Bb5 Bc8 29. Bd3 a6 30. Na4 Kg7 31. Nb6 Bh3 32. Nc4 f6 33. gxf6+ Kxf6
34. Nxd6 g5 35. Kd2 g4 36. Ke3 g3 37. Nxb7 Kg5 38. d6 Kh4 39. Nc5 1-0

[Event "Titled Tue 10th Jun Early"]
[Site "chess.com INT"]
[Date "2025.06.10"]
[Round "11"]
[White "Buchenau, Frank"]
[Black "Sakhayi, Mostafa"]
[Result "0-1"]
[WhiteTitle "FM"]
[BlackTitle "CM"]
[WhiteElo "2205"]
[BlackElo "2166"]
[WhiteFideId "4604350"]
[BlackFideId "12512532"]
[EventDate "2025.06.10"]

1. e4 e5 2. Bc4 Nf6 3. d3 Nc6 4. Nf3 Be7 5. O-O O-O 6. Re1 d6 7. a4 a5 8. c3 Be6
9. Nbd2 Bxc4 10. Nxc4 Re8 11. Qb3 b6 12. Bd2 h6 13. Rad1 Bf8 14. Bc1 d5 15. Ne3
d4 16. Nd5 Bc5 17. Qc4 Qd6 18. Bd2 Rad8 19. b4 axb4 20. cxb4 Nxd5 21. bxc5 bxc5
22. Qxd5 Qxd5 23. exd5 Rxd5 24. Rb1 f5 25. Rb7 e4 26. Rxc7 Re6 27. Kf1 Rdd6 28.
Ng1 exd3 29. Rxe6 Rxe6 30. Nh3 g5 31. f4 c4 32. fxg5 c3 33. Bf4 d2 34. Nf2 Re1# 0-1

[Event "Titled Tue 10th Jun Early"]
[Site "chess.com INT"]
[Date "2025.06.10"]
[Round "11"]
[White "Manvelyan, Mikayel"]
[Black "Madhesh Kumar S"]
[Result "1-0"]
[WhiteTitle "FM"]
[BlackTitle "CM"]
[WhiteElo "2362"]
[BlackElo "2243"]
[WhiteFideId "13310143"]
[BlackFideId "25168649"]
[EventDate "2025.06.10"]

1. e4 e5 2. Nf3 Nc6 3. Bb5 a6 4. Ba4 Nf6 5. O-O b5 6. Bb3 Bc5 7. a4 Rb8 8. axb5
axb5 9. Nxe5 Nxe5 10. d4 Bxd4 11. Qxd4 d6 12. f4 Nc6 13. Qc3 Ne7 14. Ra7 Bb7 15.
e5 Ne4 16. Qe1 d5 17. Nc3 O-O 18. Nxe4 dxe4 19. Be3 Re8 20. Bc5 Nf5 21. Rxb7
Rxb7 22. Qxe4 Qc8 23. e6 Nh6 24. exf7+ Nxf7 25. Bxf7+ Kxf7 26. Qd5+ Kg6 27. f5+
Kh6 28. Qd2+ g5 29. fxg6+ Kg7 30. Qd4+ Kh6 31. Qh4+ Kxg6 32. Rf6+ Kg7 33. Qg5+
Kh8 34. Rf8+ Rxf8 35. Bd4+ 1-0

[Event "Titled Tue 10th Jun Early"]
[Site "chess.com INT"]
[Date "2025.06.10"]
[Round "11"]
[White "Khazhatuly, Alikhan"]
[Black "Dumanuly, Sultanbeibarys"]
[Result "0-1"]
[WhiteTitle "CM"]
[BlackTitle "FM"]
[WhiteElo "2173"]
[BlackElo "2212"]
[WhiteFideId "13731335"]
[BlackFideId "13731963"]
[EventDate "2025.06.10"]

1. e4 c5 2. d4 cxd4 3. c3 dxc3 4. Nxc3 Nc6 5. Nf3 e6 6. Bc4 Bb4 7. O-O Nge7 8.
Bf4 Bxc3 9. bxc3 d5 10. exd5 exd5 11. Bd3 O-O 12. Bxh7+ Kxh7 13. Ng5+ Kg8 14.
Qh5 Bf5 15. Rfe1 Bg6 16. Qh3 Re8 17. g4 d4 18. Rad1 d3 19. Re3 Nd5 20. Rf3 Nxf4
21. Rxf4 Qxg5 22. Qg3 Qc5 23. h4 Qxc3 24. h5 Bh7 25. g5 Qc2 26. Rf1 Ne5 27. h6
Qc6 28. hxg7 d2 29. Rf6 Qe4 30. f3 Qe3+ 31. Kh1 Rad8 32. Rh6 d1=Q 33. Rxh7 Qxf1+
34. Kh2 0-1

[Event "Titled Tue 10th Jun Early"]
[Site "chess.com INT"]
[Date "2025.06.10"]
[Round "11"]
[White "Huseynova, Lala"]
[Black "Jovic, Stanoje"]
[Result "0-1"]
[WhiteTitle "WFM"]
[BlackTitle "FM"]
[WhiteElo "2045"]
[BlackElo "2096"]
[WhiteFideId "13431781"]
[BlackFideId "905020"]
[EventDate "2025.06.10"]

1. e4 c6 2. d4 d5 3. Nc3 dxe4 4. Nxe4 Nf6 5. Nxf6+ exf6 6. c3 Bd6 7. Bd3 O-O 8.
Ne2 Qc7 9. h3 c5 10. Be3 c4 11. Bc2 b5 12. O-O Bb7 13. Qd2 Re8 14. Rae1 Nd7 15.
f4 Nb6 16. Ng3 g6 17. Qf2 Re7 18. Bd2 Rae8 19. Rxe7 Rxe7 20. h4 h5 21. Ne2 f5
22. Ng3 Nd5 23. Re1 Rxe1+ 24. Qxe1 Bxf4 25. Bxf4 Nxf4 26. Bxf5 Nxg2 27. Qe8+ Kg7
28. Ne4 Nxh4 29. Bh3 Bxe4 30. Qxe4 Qg3+ 31. Bg2 Nf5 32. d5 h4 33. Kh1 h3 34. Bf3
h2 35. Bg2 Qd6 36. Qe2 Ng3+ 0-1

[Event "Titled Tue 10th Jun Early"]
[Site "chess.com INT"]
[Date "2025.06.10"]
[Round "11"]
[White "Kislinsky, Alexey"]
[Black "Ser, Daniel"]
[Result "1-0"]
[WhiteTitle "GM"]
[BlackTitle "CM"]
[WhiteElo "2341"]
[BlackElo "2005"]
[WhiteFideId "14108801"]
[BlackFideId "12829404"]
[EventDate "2025.06.10"]

1. e4 d6 2. d4 Nf6 3. f3 Nbd7 4. c4 e5 5. d5 Be7 6. Nc3 c6 7. Be3 Qc7 8. Qd2 O-O
9. Bd3 Nc5 10. Nge2 Bd7 11. g4 a6 12. h4 b5 13. h5 Nxd3+ 14. Qxd3 cxd5 15. cxd5
b4 16. Nd1 Bb5 17. Qd2 Nd7 18. Qxb4 Nc5 19. Bxc5 dxc5 20. Qd2 h6 21. Ndc3 Bg5
22. Qc2 Rab8 23. Nxb5 axb5 24. Kf2 c4 25. Ng3 Qc5+ 26. Kg2 b4 27. Rab1 Rfc8 28.
Rhe1 b3 29. axb3 Rxb3 30. Nf5 Rcb8 31. Re2 c3 32. Qd1 Rxb2 33. Rexb2 Rxb2+ 34.
Rxb2 cxb2 35. d6 Qc1 36. Ne7+ Kf8 37. Qd5 Qc2+ 38. Kh3 Bxe7 39. Qa8+ 1-0

[Event "Titled Tue 10th Jun Early"]
[Site "chess.com INT"]
[Date "2025.06.10"]
[Round "11"]
[White "Zhauynbay Aldiyar"]
[Black "Grezels, Florian"]
[Result "1-0"]
[WhiteTitle "FM"]
[BlackTitle "FM"]
[WhiteElo "2233"]
[BlackElo "2306"]
[WhiteFideId "13780646"]
[BlackFideId "20696450"]
[EventDate "2025.06.10"]

1. Nc3 e5 2. Nf3 d6 3. e4 Nf6 4. d4 Nbd7 5. Bc4 Be7 6. a4 O-O 7. O-O a5 8. h3 c6
9. Re1 Qc7 10. Bg5 h6 11. Bh4 Re8 12. Qd2 Nf8 13. dxe5 dxe5 14. Bg3 Ng6 15. Rad1
Nh5 16. Bh2 Nhf4 17. Bxf4 Nxf4 18. Ne2 Nxe2+ 19. Qxe2 Bc5 20. c3 Qe7 21. Rd2 b6
22. Red1 Ra7 23. Ne1 Rd7 24. Rxd7 Bxd7 25. Nd3 Bd6 26. b4 axb4 27. cxb4 Ra8 28.
Bb3 Be8 29. Qa2 Bxb4 30. Qb2 Bd6 31. Bc2 Bc7 32. Qc3 b5 33. axb5 cxb5 34. Qb2
Rb8 35. Nb4 Bb6 36. Nd5 Qe6 37. Bb3 Bd4 38. Qa2 Qd6 39. Kh1 Qc5 40. f4 exf4 41.
Nxf4 Be5 42. Nd3 Qc3 43. Bd5 Rd8 44. Qa7 b4 45. Qe7 Bf6 46. Qxb4 Qc2 47. Rd2 Qc7
48. Qc5 1-0

[Event "Titled Tue 10th Jun Early"]
[Site "chess.com INT"]
[Date "2025.06.10"]
[Round "11"]
[White "Yang, Daniel"]
[Black "Kotyk, Michael"]
[Result "0-1"]
[WhiteTitle "CM"]
[BlackTitle "CM"]
[WhiteElo "2198"]
[BlackElo "2241"]
[WhiteFideId "30976340"]
[BlackFideId "16214501"]
[EventDate "2025.06.10"]

1. e4 e5 2. Nf3 Nc6 3. Bb5 a6 4. Ba4 d6 5. O-O Bd7 6. d4 b5 7. Bb3 Nxd4 8. Nxd4
exd4 9. c3 dxc3 10. Nxc3 Nf6 11. Bg5 Be7 12. Nd5 Nxd5 13. Qxd5 O-O 14. Bxe7 Qxe7
15. Rfd1 Be6 16. Qd4 Bxb3 17. axb3 Rfe8 18. f3 a5 19. b4 a4 20. Qd5 c5 21. Qxd6
Qxd6 22. Rxd6 cxb4 23. Rd4 b3 24. Rb4 Rab8 25. Kf2 Rec8 26. Ke3 Kf8 27. g3 Ke7
28. f4 Rc4 29. Raxa4 bxa4 30. Rxb8 Rc2 31. Rb4 Rxb2 32. Rxa4 Rxh2 33. Rb4 b2 34.
e5 h5 35. Kf3 Ke6 36. Ke4 Re2+ 37. Kf3 Rc2 38. Ke3 Kf5 39. Rb7 Kg4 40. Kd3 Rg2
41. e6 Rxg3+ 42. Ke4 fxe6 43. Rxg7+ Kh3 44. Rb7 Rg2 45. Ke5 Re2+ 46. Kf6 h4 47.
Kg5 Kg3 48. Rb3+ Kf2 49. Kxh4 Ke1 50. Kg5 Kd1 51. Kf6 Kc2 52. Rb8 b1=Q 53. Rc8+
Kd3 54. Rd8+ Ke4 0-1

[Event "Titled Tue 10th Jun Early"]
[Site "chess.com INT"]
[Date "2025.06.10"]
[Round "11"]
[White "Nouali, Mohamed"]
[Black "Mekhitarian, Krikor Sevag"]
[Result "0-1"]
[WhiteTitle "FM"]
[BlackTitle "GM"]
[WhiteElo "2160"]
[BlackElo "2564"]
[WhiteFideId "5502462"]
[BlackFideId "2107660"]
[EventDate "2025.06.10"]

1. e4 c5 2. Nf3 Nc6 3. Nc3 Nf6 4. d4 cxd4 5. Nxd4 e5 6. Ndb5 d6 7. Bg5 a6 8. Na3
b5 9. Nd5 Be7 10. Bxf6 Bxf6 11. c3 Bg5 12. Nc2 Rb8 13. h4 Bxh4 14. g3 Bg5 15.
Bh3 Be6 16. a3 g6 17. Ncb4 Qc8 18. Bxe6 fxe6 19. Qg4 exd5 20. Qxg5 Nxb4 21. axb4
O-O 22. O-O-O d4 23. Qe7 Rf7 24. Qxd6 dxc3 25. Qxe5 cxb2+ 26. Kb1 Qe8 27. Qxe8+
Rxe8 0-1

[Event "Titled Tue 10th Jun Early"]
[Site "chess.com INT"]
[Date "2025.06.10"]
[Round "11"]
[White "Ugorek, Kacper"]
[Black "Koridze, Lile"]
[Result "0-1"]
[WhiteTitle "CM"]
[BlackTitle "WFM"]
[WhiteElo "2262"]
[BlackElo "2110"]
[WhiteFideId "21890676"]
[BlackFideId "13612514"]
[EventDate "2025.06.10"]

1. f4 d5 2. b3 e6 3. Bb2 Nf6 4. Nf3 c5 5. g3 Nc6 6. Bg2 Bd6 7. O-O O-O 8. e3 d4
9. Na3 Bc7 10. Qe2 Rb8 11. Nc4 b5 12. Nce5 Bb7 13. a4 a6 14. axb5 axb5 15. Nxc6
Bxc6 16. exd4 Bxf3 17. Qxf3 cxd4 18. h3 Bb6 19. Kh2 Qc7 20. Rfc1 e5 21. fxe5
Qxe5 22. c4 bxc4 23. bxc4 Bc7 24. Ba3 Rfe8 25. Rf1 Ne4 26. Qxf7+ Kh8 27. Rf4
Nxg3 28. Bf8 Nh5 29. Rf1 Rxf8 30. Qd7 Nxf4 31. Kh1 Nxg2 32. Rxf8+ Rxf8 0-1

[Event "Titled Tue 10th Jun Early"]
[Site "chess.com INT"]
[Date "2025.06.10"]
[Round "11"]
[White "Harshavardhan, G B"]
[Black "Manukyan, Sargis A."]
[Result "1-0"]
[WhiteTitle "IM"]
[BlackTitle "FM"]
[WhiteElo "2472"]
[BlackElo "2294"]
[WhiteFideId "25059009"]
[BlackFideId "13303970"]
[EventDate "2025.06.10"]

1. Nf3 d5 2. g3 e6 3. Bg2 Nf6 4. O-O Be7 5. d3 O-O 6. a4 a5 7. Bf4 Nc6 8. c3 Nh5
9. Bd2 e5 10. e4 dxe4 11. dxe4 Nf6 12. Qe2 b6 13. Rd1 Ba6 14. Qe1 Qd3 15. Nh4
Rad8 16. Na3 Bxa3 17. Rxa3 Bc4 18. Nf5 g6 19. Ne3 Be6 20. f3 Qd6 21. Bf1 Nd7 22.
Kg2 Nc5 23. Bc1 Qe7 24. Nd5 Bxd5 25. exd5 Nb8 26. b4 Nb7 27. Ra2 Nd6 28. bxa5
bxa5 29. c4 Nd7 30. Ba3 e4 31. fxe4 Qxe4+ 32. Qxe4 Nxe4 33. Bxf8 Nc3 34. Bh6
Nxa2 35. Re1 Nc5 36. Re7 Nxa4 37. Rxc7 Nb6 38. d6 a4 39. c5 Nd5 40. Ra7 Nac3 41.
c6 f5 42. c7 Nxc7 43. dxc7 Rc8 44. Bc4+ Kh8 45. Be6 Nb5 46. Rb7 a3 47. Bxc8 a2
48. Be6 Nxc7 49. Rb8+ Ne8 50. Rxe8# 1-0

[Event "Titled Tue 10th Jun Early"]
[Site "chess.com INT"]
[Date "2025.06.10"]
[Round "11"]
[White "Schut, Han"]
[Black "Huseynova, Dinara"]
[Result "1-0"]
[WhiteTitle "CM"]
[BlackTitle "WCM"]
[WhiteElo "2088"]
[BlackElo "1833"]
[WhiteFideId "1005561"]
[BlackFideId "13437313"]
[EventDate "2025.06.10"]

1. e4 c6 2. d4 d5 3. e5 c5 4. dxc5 e6 5. a3 Bxc5 6. b4 Bb6 7. Qg4 Kf8 8. Bb2 Qc7
9. Bd3 Nd7 10. Nf3 a5 11. O-O Ne7 12. Nbd2 Ng6 13. Qg3 Ba7 14. c4 Bb8 15. cxd5
exd5 16. Rac1 Qd8 17. h4 b6 18. h5 Ne7 19. e6 Bxg3 20. exd7 Bxd7 21. fxg3 f6 22.
h6 gxh6 23. Bxf6 Rg8 24. Ne5 Ke8 25. Rce1 Rxg3 26. Nef3 Qc7 27. Rxe7+ Kf8 28.
Be5 Qd8 29. Rxd7 Qxd7 30. Bxg3 Kg8 31. Ne5 Qe6 32. Bf5 Qe7 33. Ndf3 Rf8 34. Bh4
Qe8 35. Bd7 Qb8 36. Be6+ Kh8 37. Nf7+ Kg7 38. N3e5 d4 39. Bf6+ Kg8 40. Nxh6# 1-0